1435 1614 1857 1376 1432 1666 1315 1516 1435 1947 1911 1391 1858 1763 1155 1182 1068 1062 1822 1941 1055 1758 1785 1587 1685 1177 1898 1545 1728 1002 1931 1473 1981 1926 1975 1056 1471 1400 1088 1475 1520 1369 1222 1173 1221 1832 1361 1150 1841 1143 1942 1845 1014 1668 1232 1877 1796 1170 1160 1968 1520 1533 1104 1222 1759 1760 1565 1113 1850 1683 1925 1834 1806 1739 1347 1347 1505 1747 1563 1554 1334 1022 1919 1480 1918 1850 1723 1563 1688 1495 1006 1902 1722 1120 1618 1608 1988 1852 1767 BCNSPRNW ULIB Ver.6.0+V

เปลี่ยนเป็นภาษาไทย

Change to English
 แสดงรายละเอียดบรรณานุกรม
  กลับหน้าหลัก

Brief Record : Get Marc (ISO 2709) : E-mail record : QR code < ปิดหน้าต่าง
LEADER : 00000nam 2200000uu 4500
001    13399107934
003     ULIB
008    110210s2543||||th 000 0 tha d
020    9746440411
060 04 WY156.7^bว431ก 2543
100 0  วัฒนา ศรีพจนารถ
245 10 การพยาบาลหญิงตั้งครรภ์ :^bแบบแผนสุขภาพ /^cวัฒนา ศรีพจนารถ
250    พิมพ์ครั้งที่ 2
260    สงขลา :^bภาควิชาการพยาบาลสูติ-นรีเวชและผดุงครรภ์คณะพยาบาลศาสตร์ มหาวิทยาลัยสงขลานครินทร์,^c2543
300    ก-จ, 191 หน้า :^bภาพประกอบ ;^c25 ซม.
650  7 การพยาบาลสูติศาสตร์
650  7 ครรภ์
650  7 แบบแผนสุขภาพ
710 2  มหาวิทยาลัยสงขลานครินทร์. ^bคณะพยาบาลศาสตร์.^bภาควิชาการพยาบาลสูติ-นรีเวชและผดุงครรภ์
945    ^p175^l0^i013183
945    ^p175^l0^i013145
945    ^p175^l0^i013144
945    ^p175^l0^i013143
945    ^p175^l0^i013182
995    ทศพร
999 ^a ใช้งานได้ทุกระบบ
รายการนี้ยังไม่มีแท็ก
คุณยังไม่ได้ล็อกอิน คุณสามารถมีกิจกรรมร่วมกับเว็บไซต์ได้ แต่ต้องล็อกอินก่อน ::
  ล็อกอิน

รายการสื่อสารสนเทศ

ลำดับที่ ประเภท เลขเรียก/บาร์โค้ด สถานที่ สถานะ
- ไม่พบข้อมูล -

รายการใกล้เคียง
    ผู้แต่ง [วัฒนา ศรีพจนารถ]

    หัวเรื่อง [การพยาบาลสูติศาสตร์]
    หัวเรื่อง [ครรภ์]
    หัวเรื่อง [แบบแผนสุขภาพ]

BibComment


ยังไม่เคยถูกคอมเมนท์

คอมเมนท์ทรัพยากรรายการนี้
  คอมเมนท์: การพยาบาลหญิงตั้ง..


 Copyright 2026. Bcnsprnw @Library